| 000 | 00764nam a2200253Ia 4500 | ||
|---|---|---|---|
| 003 | OSt | ||
| 005 | 20220923213533.0 | ||
| 006 | a|||||r|||| 00| 0 | ||
| 007 | ta | ||
| 008 | 220922b |||||||| |||| 00| 0 hin d | ||
| 024 | _a162,681 | ||
| 037 | _cTextual | ||
| 040 |
_aARTS _cARTS _bhin |
||
| 041 |
_2hin _ahin |
||
| 082 | _aO152,3M80,PR, K3 | ||
| 100 |
_aप्रेमचंद _9156277 |
||
| 245 | 0 |
_aप्रतिज्ञा _b सामाजिक उपन्यास |
|
| 246 | _aPratijnyā: sāmājik upanyāsa | ||
| 250 | _aसंस्क 9 | ||
| 260 | _c1950 | ||
| 650 |
_aहिन्दी साहित्य _9156264 |
||
| 942 |
_hO152,3M80,PR, K3 _cTEXL _2CC |
||
| 999 |
_c317161 _d317161 |
||